[Event "IOM Open-Masters 2017"]
[Site "Douglas"]
[Date "2017.09.25"]
[Round "3"]
[White "Kosteniuk, Alexandra"]
[Black "Naiditsch, Arkadij"]
[Result "1/2-1/2"]
[WhiteElo "2552"]
[BlackElo "2702"]
[Annotator "TA"]
[PlyCount "190"]
[EventDate "2017.??.??"]
[EventType "swiss"]
[EventCountry "GBR"]
[SourceTitle "playchess.com"]
[Source "ChessBase"]
[SourceQuality "1"]

{[%evp 20,189,25,21,154,27,62,19,26,27,38,22,20,37,24,18,0,-48,22,21,25,14,15,16,14,-41,32,-15,0,-54,0,0,0,-14,0,0,19,-85,-76,-65,-58,-106,-96,-110,-105,-112,-102,-107,-115,-125,-141,-141,-70,-63,-6,-8,0,0,13,35,21,29,129,143,136,113,156,169,165,152,164,142,151,130,193,162,161,141,156,81,102,51,65,66,70,31,76,0,0,0,0,0,0,0,37,38,45,7,15,16,23,26,84,84,84,0,0,0,0,0,8,0,0,0,0,0,0,0,0,0,0,0,0,0,0,0,0,0,0,0,0,0,0,0,0,0,0,0,0,0,0,0,0,-8,-8,-8,-8,-8,-8,-8,-8,-8,-8,-8,-8,-8,-8,-8,0,0,0,0,0,0,0,0,0,0,0,0,0,0]} 1. e4 e6 2. d4 d5 3. Nc3 Nf6 4. e5 Nfd7 5. f4 c5 6. Nf3 Nc6 7. Be3 a6 8. Qd2 b5 9. Bd3 Qb6 {C11: French: Classical System: 4 e5 and 4 Bg5 dxe4} 10. Qf2 Bb7 11. O-O {LiveBook: 3 Games} h6 $146 (11... g6 $11) ({Predecessor:} 11... cxd4 12. Nxd4 Nxd4 13. Bxd4 Qxd4 14. Qxd4 Bc5 15. Ne2 Bxd4+ 16. Nxd4 g6 17. Kf2 {½-½ (110) Ivanisevic,I (2588)-Moskalenko,V (2540) playchess.com INT 2006}) 12. Kh1 (12. f5 $16) 12... O-O-O 13. dxc5 Bxc5 14. Bxc5 Nxc5 15. a4 {[%cal Ra4b5]} b4 16. Ne2 d4 17. Rfd1 g5 18. Nd2 (18. fxg5 hxg5 19. Qg3 (19. Nexd4 Nxd3 20. Rxd3 g4 $19) 19... b3 $17) 18... Na5 (18... gxf4 $15 19. Qxf4 Qc7) 19. Ng3 $11 gxf4 20. Qxf4 b3 (20... Nxd3 21. cxd3 Kb8 22. Rac1 $16 (22. Qxf7 Rhf8 $16)) 21. Rac1 Kb8 22. Nde4 (22. Bf1 $11) 22... bxc2 (22... Nxa4 $15 23. Rb1 Nc5 24. Nxc5 Qxc5 25. cxb3 Nxb3) 23. Bxc2 Ncb3 $36 {[%mdl 2048] Black has good play.} 24. Rb1 ({White should try} 24. Bxb3 $11 Nxb3 25. Rc2) 24... Qc6 (24... h5 $15 25. Nd6 (25. Qxf7 $2 h4 $19) 25... f5 26. Nxb7 Qxb7) 25. Qf2 $1 Rc8 26. Bd3 Rc7 27. Nd6 f5 28. Nxb7 (28. Ne2 $11) 28... Nxb7 $17 {[%cal Ba5b7,Bb7c5,Bc5b3][%mdl 32]} (28... Kxb7 $6 29. Ne2 $11) 29. Ne2 Rg8 30. Qf3 Qxa4 31. Nf4 N7c5 32. Bc2 Qc4 33. Bxb3 Nxb3 34. Qd3 a5 35. Qh3 Rg4 (35... Rc5 $17 36. Nd3 Rc7 37. Qxh6 Qc2) 36. Qxh6 $15 d3 (36... Rc8 $15 37. h3 (37. Nxe6 $2 Qc6 $19) 37... Rg3) 37. Nxd3 $11 ({Reject} 37. Nxe6 Qc6 $17) 37... Qe4 {[%csl Gg4][%cal Re4g2]} 38. Ne1 Qe2 {[%cal Re2f1]} 39. h3 Rd4 40. Rxd4 Qf1+ (40... Nxd4 $11 {keeps the balance.} 41. Qf4 Rc4) 41. Kh2 $16 Nxd4 42. Qe3 Rc4 43. Rd1 {Strongly threatening b3.} Qe2 44. Qxe2 Nxe2 $18 {[%mdl 4096] Endgame KRN-KRN} 45. Nf3 $1 Kc8 46. Rd6 Rb4 (46... Nf4 $16 47. Nd4 a4 48. Nxe6 Nxe6) 47. Rd2 Nf4 48. Nd4 a4 {[#]} 49. Nf3 (49. h4 $142 $1) 49... Nd5 $16 50. Rd4 ({White should play} 50. h4 $16) 50... Rxb2 {And now ...a3 would win.} 51. Rxa4 Ne3 52. Ra8+ Kd7 {[#]} 53. Rg8 (53. Nh4 $1 $16) 53... Ke7 $11 54. Rg7+ Kf8 55. Rg6 Kf7 56. Rf6+ Ke7 57. Nh4 Kd7 58. Kg1 Re2 59. Rg6 Nc4 60. Rg7+ Ke8 (60... Kd8 $11) 61. Ng6 $16 Nxe5 62. Nf4 (62. Kf1 $16 Re4 63. Re7+ Kd8 64. Rxe6 Nxg6 65. Rxg6) 62... Re1+ $11 {The position is equal.} 63. Kf2 Re4 64. g3 Nd7 65. Nh5 {Rxd7! is the strong threat.} Ra4 66. Nf4 Nc5 67. h4 Ne4+ 68. Ke1 e5 69. Nd3 Kf8 70. Rg6 Ra5 71. Re6 Ra1+ 72. Ke2 Nxg3+ 73. Kf2 e4 74. Kxg3 {Black must now prevent Ne5.} exd3 {KR-KR} 75. Rd6 Rd1 76. Kf3 Ke7 77. Rd4 Kf6 78. Ke3 Re1+ 79. Kf2 Re2+ (79... d2 {is interesting.} 80. Rxd2 Re4 81. Kf3 Rxh4 82. Rd8 Rh3+) 80. Kf3 Rh2 81. Rxd3 Rh3+ 82. Ke2 Rxh4 83. Kf2 Ra4 84. Rb3 Ra2+ 85. Kf3 Kg5 86. Kg3 Ra1 87. Rc3 Re1 88. Kf2 Re4 89. Rg3+ Rg4 90. Kf3 Kh4 91. Rxg4+ fxg4+ 92. Kg2 g3 93. Kg1 Kh3 {( -> ...g2)} 94. Kh1 g2+ $2 {[%mdl 8192]} (94... Kg4 95. Kg2 Kh5) 95. Kg1 Kg3 {Precision: White = 55%, Black = 54%.} 1/2-1/2

[Event "IOM Open-Masters 2017"]
[Site "Douglas"]
[Date "2017.09.25"]
[Round "3"]
[White "Mekhitarian, Krikor Sevag"]
[Black "Rodshtein, Maxim"]
[Result "1/2-1/2"]
[WhiteElo "2534"]
[BlackElo "2695"]
[Annotator "TA"]
[PlyCount "63"]
[EventDate "2017.??.??"]
[EventType "swiss"]
[EventCountry "GBR"]
[SourceTitle "playchess.com"]
[Source "ChessBase"]
[SourceQuality "1"]

{[%evp 17,63,38,39,38,39,37,48,37,52,31,45,34,53,19,20,13,16,10,18,7,10,0,6,6,6,0,6,-19,-19,-9,-9,-14,8,12,54,2,2,2,2,2,2,2,13,9,9,9,10,0]} 1. e4 c6 2. d4 d5 3. Nc3 dxe4 4. Nxe4 Nd7 5. Nf3 Ngf6 6. Nxf6+ Nxf6 7. c3 Bg4 8. h3 Bxf3 9. Qxf3 g6 {LiveBook: 3 Games. B17: Caro-Kann: Modern Line (4...Nd7)} 10. Bc4 Bg7 11. O-O O-O {White is slightly better.} 12. a4 $146 ({Predecessor:} 12. Re1 Ne8 13. Bb3 e6 14. Bf4 a5 15. a4 Nc7 16. Re2 Nd5 17. Bg3 Qf6 18. Qe4 Qf5 19. Qxf5 gxf5 20. Bh2 {½-½ (30) Dubov,D (2648)-Rakhmanov,A (2641) St Petersburg 2016}) 12... Qd7 13. Bg5 Nd5 14. a5 b5 15. axb6 axb6 16. h4 {[%cal Bh3h4,Bh4h5][%mdl 32]} e6 17. h5 h6 {[#] Strongly threatening ...Rxa1.} 18. Bd2 {next Rxa8 is good for White.} g5 19. Bb3 Rfd8 20. Rad1 Qc7 21. Qe2 b5 22. f4 Nxf4 23. Bxf4 gxf4 24. Qe4 e5 (24... c5 {is interesting.} 25. Rxf4 Ra6 26. Qe3 cxd4 27. cxd4 Rad6) 25. dxe5 Qxe5 (25... Rxd1 {feels hotter.} 26. Rxd1 Qxe5 27. Qxc6 Re8 28. Qf3 Qe3+) 26. Rxd8+ ({White should play} 26. Qxc6 $14 Qxh5 27. Rxd8+ Rxd8 28. Qc7 (28. Rxf4 Kh8 $14)) 26... Rxd8 $11 {The position is equal.} 27. Qxf4 Qxf4 28. Rxf4 {KRB-KRB} Rd7 29. Rf5 Bf8 30. Kf1 Kg7 31. Ke2 Bd6 32. c4 {Precision: White = 42%, Black = 54%.} 1/2-1/2

[Event "IOM Open-Masters 2017"]
[Site "Douglas"]
[Date "2017.09.25"]
[Round "3"]
[White "Harika, Dronavalli"]
[Black "Grandelius, Nils"]
[Result "1/2-1/2"]
[WhiteElo "2528"]
[BlackElo "2653"]
[Annotator "TA"]
[PlyCount "89"]
[EventDate "2017.??.??"]
[EventType "swiss"]
[EventCountry "GBR"]
[SourceTitle "playchess.com"]
[Source "ChessBase"]
[SourceQuality "1"]

{[%evp 12,89,45,10,16,8,12,5,18,17,4,17,39,33,40,16,12,12,35,8,18,6,40,18,32,0,31,0,0,0,0,0,0,0,0,0,0,0,0,-1,0,0,0,0,0,0,0,0,0,0,0,0,6,4,6,8,29,0,0,0,33,29,59,59,59,59,59,59,59,59,59,59,59,59,59,5,5,8,8,0]} 1. e4 c5 2. Nf3 d6 3. d4 cxd4 4. Nxd4 Nf6 5. Nc3 g6 6. Be3 a6 7. h3 {LiveBook: 31 Games. B72: Sicilian Dragon: 6 Be3, lines with h3+Bc4 and sidelines} (7. f3 b5 8. Qd2 Bb7 9. g4 h6 10. O-O-O Nbd7 11. h4 Rc8 12. Bd3 b4 13. Nce2 e5 14. Nb3 d5 15. exd5 Nxd5 {1-0 (33) Caruana,F (2817)-Shabalov,A (2556) Saint Louis 2017}) 7... b5 8. g4 $146 ({Predecessor:} 8. a3 Bb7 9. Bd3 Nbd7 10. Qd2 Rc8 11. Bh6 Ne5 12. Bxf8 Kxf8 13. Qh6+ Ke8 14. O-O Nc4 {1-0 (67) Latka,V (1886)-Russo,C (1619) Arco 2015}) 8... Bb7 9. Bg2 Nbd7 10. g5 Nh5 11. a4 e5 12. Nde2 bxa4 13. Nd5 Be7 14. h4 ({Of course not} 14. Rxa4 Bxg5 15. Bxg5 Qxg5 $15) 14... O-O 15. Nec3 Nc5 16. Bf3 Bxd5 (16... Nf4 {is more complex.} 17. Bxf4 exf4 18. Qd4 Rb8 19. Kd2 Bxd5 20. Nxd5 Qe8) 17. Nxd5 Nf4 $1 18. Nxf4 (18. Bxf4 {is interesting.} exf4 19. Qd4 Rb8 20. Kf1 Qd7 21. Bg4) 18... exf4 19. Bxc5 (19. Bxf4 {with more complications.} Qb6 20. Qd4 Qb5 21. Be2 Qc6 22. Qd5) 19... dxc5 20. Qxd8 Rfxd8 21. Rxa4 Rab8 22. b3 Rb4 23. Rxb4 cxb4 $11 {[%mdl 4096] Endgame KRB-KRB} 24. Be2 a5 25. Bd3 f3 26. O-O Bd6 27. Re1 Bc5 28. Ra1 Bb6 29. Rf1 Bc7 30. Re1 Bb6 31. Rf1 h5 32. gxh6 Bc7 33. Re1 Bb6 34. Rf1 (34. e5 $5 {[%cal Re5e6]}) 34... Bc7 35. Re1 Bf4 36. e5 Re8 37. e6 Rxe6 38. Rxe6 fxe6 39. Bxg6 Bxh6 $14 {KB-KB} 40. Be4 Bf8 41. Bxf3 Be7 42. h5 Kg7 43. Kf1 (43. Be4 $14) 43... Kh6 $11 44. Bg4 e5 45. f3 {Precision: White = 67%, Black = 72%.} 1/2-1/2

[Event "IOM Open-Masters 2017"]
[Site "Douglas"]
[Date "2017.09.25"]
[Round "3"]
[White "Olafsson, Helgi"]
[Black "Woellermann, Jan"]
[Result "1/2-1/2"]
[WhiteElo "2512"]
[BlackElo "2384"]
[Annotator "TA"]
[PlyCount "60"]
[EventDate "2017.??.??"]
[EventType "swiss"]
[EventCountry "GBR"]
[SourceTitle "playchess.com"]
[Source "ChessBase"]
[SourceQuality "1"]

{[%evp 17,60,0,9,2,24,5,37,38,37,58,54,0,14,-2,-9,-3,0,-14,0,-4,-10,-25,-14,-34,-10,-8,-8,-2,-14,-16,0,0,11,0,0,0,19,0,0,0,0,0,5,0,0]} 1. c4 e5 2. g3 Nf6 3. Bg2 d5 4. cxd5 Nxd5 5. Nf3 Nc6 6. O-O Nb6 7. b3 Bd6 8. Bb2 O-O 9. d3 Re8 {LiveBook: 3 Games. A20: English Opening: 1...e5} 10. a3 (10. Nbd2 Bg4 11. h3 Bf5 12. Rc1 Qd7 13. Kh2 Rad8 14. a3 a5 15. Nh4 Be6 16. Nc4 Nxc4 17. bxc4 {0-1 (70) Nakamura,H (2779)-Vachier Lagrave,M (2804) Doha 2016}) 10... Bf8 11. Nbd2 g6 $146 ({Predecessor:} 11... Bg4 12. h3 Bf5 13. Rc1 f6 14. Re1 Qd7 15. Kh2 Be6 16. Qc2 a5 17. Ne4 {0-1 (29) Le Quang,K (2326)-Thejkumar,M (2452) Bethune 2011}) 12. Qc2 Nd4 13. Nxd4 exd4 14. Rfe1 (14. e3 $14) 14... c6 15. Nf3 Bg7 16. Qc5 {[%cal Rb2d4]} Nd7 17. Qc2 Nb6 18. Rac1 Bg4 19. h3 Bxf3 20. Bxf3 Qd6 21. h4 {The position is equal.} h5 22. Qc5 Qxc5 23. Rxc5 Rad8 24. Kf1 Bf8 25. Rc2 Re6 26. Rb1 Bh6 27. Rc5 a6 28. Kg2 Bf8 29. Rc2 Bh6 30. Rc5 Bf8 {Precision: White = 50%, Black = 46%.} 1/2-1/2

[Event "IOM Open-Masters 2017"]
[Site "Douglas"]
[Date "2017.09.25"]
[Round "3"]
[White "Panchanathan, Magesh Chandran"]
[Black "Fenil, Shah"]
[Result "1-0"]
[WhiteElo "2481"]
[BlackElo "2362"]
[Annotator "TA"]
[PlyCount "97"]
[EventDate "2017.??.??"]
[EventType "swiss"]
[EventCountry "GBR"]
[SourceTitle "playchess.com"]
[Source "ChessBase"]
[SourceQuality "1"]

{[%evp 13,97,-4,-6,-34,-31,-28,-29,-37,-22,-19,-25,-49,-46,-50,-33,-36,0,-5,0,-8,8,-7,0,0,46,34,39,38,46,68,62,68,82,71,98,80,89,49,128,75,68,-31,-27,-33,-15,-20,-33,-63,0,0,52,41,185,173,253,271,259,239,240,246,358,323,415,415,406,315,395,334,508,506,461,497,495,450,537,531,480,414,460,478,4133,4132,3674,542,5014,4806]} 1. Nf3 d5 2. g3 Nf6 3. Bg2 c6 4. O-O Bf5 5. d3 e6 6. Nbd2 h6 7. c3 Be7 {LiveBook: 7 Partien. A07: Barcza-System (Königsfianchetto mit möglichen Übergängen in andere Systeme)} 8. Nd4 (8. Qc2 O-O 9. b3 a5 10. a3 Nbd7 11. Bb2 Bh7 12. b4 axb4 13. cxb4 Qb8 14. Nb3 Rc8 15. Rfc1 {½-½ (35) Novikov,S (2569)-Demidov,M (2395) Moscow 2010}) 8... Bh7 9. e4 O-O {Schwarz hat minimalen Vorteil.} 10. Qe2 c5 11. Nc2 Nc6 12. a3 $146 ({Vorgänger:} 12. f4 b5 13. f5 Qd7 14. c4 bxc4 15. dxc4 dxe4 16. Nxe4 Bxf5 {0-1 (39) Lornije,F (2216)-Kukov,V (2356) Sunny Beach 2013}) 12... Rc8 13. b4 cxb4 14. axb4 a6 15. Bb2 Re8 16. Rfb1 e5 17. Ra2 Qd7 18. Ne3 {[%cal Re4d5]} dxe4 19. dxe4 Rcd8 20. Rd1 Qc7 21. Raa1 Na7 22. Qc4 Qb8 23. Nd5 Nxd5 24. exd5 Bc2 25. Re1 Nb5 (25... Nc8 $14) 26. Qe2 (26. Qa2 $142) 26... Nc7 27. Qc4 ({Viel schlechter ist} 27. Qxe5 Bg5 $15) (27. Ne4 $14 Bxe4 28. Qxe4) 27... b5 $15 28. Qa2 Bf8 29. Rac1 Bd3 30. Re3 Bg6 (30... e4 $1 $15) 31. c4 $11 {zielt auf c5 ab.} Bxb4 (31... e4 $11) 32. Bxe5 $14 Qb6 {[#]} ({Günstiger ist} 32... Bc5 $14 33. cxb5 Bxe3 34. Bxc7 Bxd2 35. Qxd2 (35. Bxb8 Bxc1 36. h4 Rxb8 $11) 35... Qxb5) 33. c5 $1 $36 {[%cal Rc5b6][%mdl 2560] Läuft bei Weiss.} Bxc5 (33... Qa7 $142) 34. Bxc7 $1 Qxc7 35. Rxe8+ Rxe8 36. Nb3 Bxf2+ (36... Bd3 $142) 37. Qxf2 Qd6 {Schwarz hofft, mit ...Da3 fortzusetzen.} 38. Qc5 Qf6 39. Nd4 Qg5 40. Nf3 Qg4 (40... Qf5 {war nötig.} 41. Qc6 Rd8) 41. d6 Bf5 42. Ne5 Qg5 {Und ...Txe5 würde nun gewinnen.} 43. Nc6 Be6 44. Qxg5 hxg5 45. Nd4 Bd7 46. Bc6 {Weiß steht klar auf Gewinn.} Rd8 (46... Rc8 $142 47. Rd1 Bg4) 47. Bxd7 Rxd7 48. Nf5 g6 49. Rc7 {Precision: Weiß = 62%, Schwarz = 36%.} 1-0

[Event "IOM Open-Masters 2017"]
[Site "Douglas"]
[Date "2017.09.25"]
[Round "3"]
[White "Khmelniker, Ilya"]
[Black "Leko, Peter"]
[Result "1/2-1/2"]
[WhiteElo "2480"]
[BlackElo "2679"]
[Annotator "TA"]
[PlyCount "71"]
[EventDate "2017.??.??"]
[EventType "swiss"]
[EventCountry "GBR"]
[SourceTitle "playchess.com"]
[Source "ChessBase"]
[SourceQuality "1"]

{[%evp 27,71,0,0,0,31,24,39,39,38,3,8,0,54,60,56,63,58,52,50,42,83,68,91,86,86,89,95,92,76,35,95,73,77,77,77,77,77,77,77,70,131,131,131,131,131,131]} 1. d4 Nf6 2. c4 e6 3. Nf3 b6 4. g3 Ba6 5. b3 Bb4+ 6. Bd2 Be7 7. Nc3 O-O 8. Bg2 c6 9. e4 d5 10. exd5 {E15: Queen's Indian: 4 g3 sidelines, 4 g3 Ba6 and 4 g3 Bb7 early deviations} cxd5 11. Ne5 Bb7 12. O-O Nc6 13. Bf4 Na5 14. Rc1 Rc8 {LiveBook: 4 Games} 15. Qe2 Bb4 {[#]} 16. Bg5 $146 ({Predecessor:} 16. Rfd1 h6 17. Na4 dxc4 18. Bxb7 Nxb7 19. bxc4 {½-½ (47) Gelfand,B (2743)-Ivanchuk,V (2704) Beijing 2014}) 16... h6 17. Bxf6 $1 gxf6 18. Ng4 {[#] Hoping for Nxd5!} f5 19. Ne5 (19. Nxh6+ {is more complex.} Kg7 20. Nxd5 Bxd5 21. cxd5 Kxh6 22. dxe6 Rxc1 23. Rxc1 Qxd4 24. Rc7) 19... Bxc3 (19... Ba6 $11) 20. Rxc3 $14 dxc4 21. Bxb7 Nxb7 {[%cal Ba5b7,Bb7d6,Bd6e4][%mdl 32]} 22. bxc4 Nd6 23. Rd1 Kh7 24. d5 Ne4 25. Re3 Qd6 26. Nc6 Rxc6 27. dxc6 Qxc6 28. f3 Nf6 (28... Nd6 $1 $14) 29. Qb2 Qc5 30. Kf2 Kg6 31. Qa3 {Black must now prevent Qxc5.} Rc8 32. Qxc5 Rxc5 33. Rc3 b5 ({Better is} 33... Rc7 $14) 34. Rdc1 $16 {White is clearly better.} bxc4 35. Rxc4 Ra5 36. a4 {Precision: White = 68%, Black = 48%.} 1/2-1/2

[Event "IOM Open-Masters 2017"]
[Site "Douglas"]
[Date "2017.09.25"]
[Round "3"]
[White "Hambleton, Aman"]
[Black "Watson, John"]
[Result "1-0"]
[WhiteElo "2479"]
[BlackElo "2247"]
[Annotator "TA"]
[PlyCount "71"]
[EventDate "2017.??.??"]
[EventType "swiss"]
[EventCountry "GBR"]
[SourceTitle "playchess.com"]
[Source "ChessBase"]
[SourceQuality "1"]

{[%evp 25,71,-32,-35,-39,0,0,-10,-8,-14,-46,-10,-35,-35,-87,-75,-59,-50,-59,0,-74,-74,-74,-69,-85,-79,-111,29,26,643,650,626,621,1010,993,29981,29982,29982,29983,29983,29984,29984,29985,29985,29986,12841,12842,29988,29989]} 1. d4 Nf6 2. Bf4 e6 3. Nf3 c5 4. e3 {[%cal Be2e3,Be3e4,Be4e5][%mdl 32]} Nc6 5. Nbd2 d5 6. c3 Bd6 7. Bg3 O-O 8. Bd3 b6 9. e4 {D02: 1 d4 d5 2 Nf3 sidelines, including 2...Nf6 3 g3 and 2...Nf6 3 Bf4} (9. Qe2 Bb7 10. Rd1 Re8 11. e4 e5 12. dxe5 Nxe5 13. Nxe5 Bxe5 14. f4 dxe4 15. Bb5 Bc7 16. Nc4 Qe7 17. Bxe8 Rxe8 {1-0 (61) Le,Q (2739)-Caruana,F (2807) Saint Louis 2017}) 9... Be7 10. e5 Nh5 11. Ng5 Bxg5 12. Qxh5 g6 13. Qe2 cxd4 {LiveBook: 6 Games} 14. h4 $1 {[%cal Rh4g5]} Be7 {[#] White should prevent ...dxc3.} 15. h5 $146 ({Predecessor:} 15. Nf3 dxc3 16. bxc3 a5 {0-1 (43) Lupulescu,C (2631)-Aleksandrov,A (2559) Minsk 2017}) 15... dxc3 16. bxc3 Kg7 17. Qg4 g5 18. h6+ Kh8 19. Ne4 (19. Rd1 $15) 19... Bd7 $36 {[%mdl 2048] Black has strong initiative.} 20. O-O Rg8 21. Nd6 {[%cal Rd6f7] [#]} Qf8 (21... Bxd6 $1 $15 22. exd6 Rc8) 22. Rae1 (22. Qf3 $11 f5 23. exf6 Bxf6 24. Qh5) 22... Bxd6 $17 23. exd6 Qxh6 24. Bb5 Rac8 25. Re3 Rgf8 (25... Qg7 $17 {Hoping for ...f5.} 26. Qh5 f6) 26. f4 $1 $11 gxf4 $2 {[%mdl 8192]} (26... f6 $11) 27. Bxf4 $18 Qg6 28. Qh4 f6 29. Rg3 Qf7 30. Bxc6 Bxc6 {[#]} 31. Be5 $1 {[%mdl 512]} fxe5 32. Rxf7 Rxf7 33. Qg5 Rcf8 34. Qxe5+ Rf6 35. Rf3 Kg7 36. Qg5+ {Precision: White = 64%, Black = 32%.} 1-0

[Event "IOM Open-Masters 2017"]
[Site "Douglas"]
[Date "2017.09.25"]
[Round "3"]
[White "Batsiashvili, Nino"]
[Black "Hou, Yifan"]
[Result "1-0"]
[WhiteElo "2472"]
[BlackElo "2670"]
[Annotator "TA"]
[PlyCount "67"]
[EventDate "2017.??.??"]
[EventType "swiss"]
[EventCountry "GBR"]
[SourceTitle "playchess.com"]
[Source "ChessBase"]
[SourceQuality "1"]

{[%evp 17,67,16,25,9,15,11,20,15,21,-35,-25,-34,-31,-38,0,0,0,0,0,-16,11,13,55,45,45,50,24,26,35,36,39,36,43,26,47,62,218,96,300,283,615,600,1344,1182,1223,910,1786,1638,29982,29983,29986,29987]} 1. d4 Nf6 2. c4 e6 3. Nc3 Bb4 4. Nf3 b6 5. e3 Ne4 6. Qc2 Bb7 7. Bd3 f5 8. O-O Bxc3 9. bxc3 O-O 10. c5 {E43: Nimzo-Indian: Rubinstein: 4...b6} (10. Ne1 Nc6 11. f3 Nd6 12. Ba3 Na5 13. c5 Ndc4 14. Qc1 Nxa3 15. Qxa3 Rf6 16. Nc2 Rh6 17. Rf2 Qh4 18. g3 Qh5 {0-1 (50) Bu,X (2705)-Vallejo Pons,F (2711) Doha 2016}) 10... bxc5 11. Rb1 Qc8 12. Ba3 {The position is equal.} d6 13. Rfc1 (13. dxc5 $11 Nxc5 14. Bxc5 Bxf3 15. gxf3 dxc5 16. Rfd1) 13... Nd7 $15 14. Nd2 $146 ({Predecessor:} 14. Qb3 Nb6 15. dxc5 dxc5 16. Rb2 Bc6 17. Re2 Rb8 18. Bxe4 fxe4 {0-1 (29) Dinev,D (2279)-Nestorovic,D (2399) Bar 2006}) 14... Nxd2 15. Qxd2 Be4 16. dxc5 Ne5 17. Bxe4 fxe4 18. cxd6 {[#] Threatens to win with d7.} Qa6 19. Rb3 $1 c5 20. c4 $1 Rab8 $1 {[%cal Rb8b3]} 21. Bxc5 Rxb3 $1 22. axb3 {Qd4 is the strong threat.} Nd3 23. b4 {Black must now prevent Rd1.} Nxc1 24. Qxc1 $14 {[%mdl 4096] Endgame KQR-KQB} Qa2 25. Qf1 $36 {[%mdl 2048] White has the initiative.} Rd8 26. h3 Rd7 $2 {[#]} ({Black should try} 26... a6 $14) 27. b5 (27. Qd1 $1 $18 {has better winning chances.}) 27... Qa4 $2 (27... h5 $16 {keeps fighting.}) 28. Qc1 $18 Qb3 $2 (28... a6 29. b6 Qc6) 29. Ba3 {aiming for c5.} Rf7 30. c5 {[%cal Bc4c5,Bc5c6][%mdl 32]} Qa2 31. Qb2 Qd5 32. c6 Rf8 33. d7 Qd1+ 34. Kh2 {Precision: White = 66%, Black = 39%.} 1-0

[Event "IOM Open-Masters 2017"]
[Site "Douglas"]
[Date "2017.09.25"]
[Round "3"]
[White "Basso, Pier Luigi"]
[Black "Allen, Keith"]
[Result "1-0"]
[WhiteElo "2460"]
[BlackElo "2231"]
[Annotator "TA"]
[PlyCount "53"]
[EventDate "2017.??.??"]
[EventType "swiss"]
[EventCountry "GBR"]
[SourceTitle "playchess.com"]
[Source "ChessBase"]
[SourceQuality "1"]

{[%evp 32,53,18,-24,72,44,87,83,157,56,181,138,266,236,473,460,685,664,657,624,840,854,29974,29974]} 1. d4 Nf6 2. c4 e6 3. Nf3 d5 4. Nc3 Bb4 5. cxd5 exd5 6. Bg5 Nbd7 7. Qc2 O-O 8. e3 c5 9. Bd3 Qa5 10. O-O c4 11. Bf5 Bxc3 12. bxc3 Re8 {D38: Queen's Gambit Declined: Ragozin Defence (4 Nf3 Bb4)} 13. Nd2 g6 14. Bxd7 Nxd7 15. h4 Nb6 16. f3 Qa4 17. Qc1 {[#] LiveBook: 4 Games} (17. Rfc1 {keeps more tension.} f6 18. Bxf6 Qxc2 19. Rxc2 Bf5 20. e4) 17... f5 $146 (17... Bf5 $11 {keeps the balance.}) ({Predecessor:} 17... Bf5 18. Re1 Qc6 19. a4 Bd3 20. a5 Nd7 21. Qa3 Re6 22. Ra2 {1-0 (46) Kozul,Z (2630)-Abasov,N (2523) Jerusalem 2015}) 18. Re1 Be6 19. e4 Rac8 ({Black should play} 19... dxe4 20. fxe4 Nd7) 20. Re3 (20. e5 $16) 20... Kf7 (20... dxe4 $14 21. fxe4 Bd7) 21. Qe1 Qa3 (21... h5 $16 {is a better defense.}) 22. Qg3 Qb2 $2 {[#]} (22... Qf8 23. h5 Qg7) 23. Rae1 $18 Qxd2 (23... f4 $142 24. Qxf4+ Kg8) 24. exf5 {[%cal Re3e6]} Qxe1+ 25. Rxe1 gxf5 26. Qf4 Kg8 27. Bf6 {Precision: White = 60%, Black =  3%.} 1-0

[Event "IOM Open-Masters 2017"]
[Site "Douglas"]
[Date "2017.09.25"]
[Round "3"]
[White "Christiansen, Johan-Sebastian"]
[Black "Svane, Rasmus"]
[Result "1/2-1/2"]
[WhiteElo "2457"]
[BlackElo "2595"]
[Annotator "TA"]
[PlyCount "75"]
[EventDate "2017.??.??"]
[EventType "swiss"]
[EventCountry "GBR"]
[SourceTitle "playchess.com"]
[Source "ChessBase"]
[SourceQuality "1"]

{[%evp 12,75,19,27,28,30,29,18,22,0,0,0,11,15,7,18,18,17,25,16,14,17,12,6,12,0,-11,-10,-10,-12,-8,-32,-8,-9,-9,-10,-6,-21,-14,-41,-41,-45,-4,-10,0,0,0,0,0,0,39,39,47,39,56,47,53,47,54,54,61,61,62,0,0,0]} 1. e4 c6 2. Nc3 d5 3. Nf3 Bg4 4. h3 Bxf3 5. Qxf3 Nf6 6. d3 e6 7. Bd2 {LiveBook: 243 Games} Na6 {B11: Caro-Kann: Two Knights Variation} 8. O-O-O Bb4 9. e5 d4 10. Ne2 {[#] Bxb4 is the strong threat.} Bxd2+ 11. Rxd2 Nd7 12. Nxd4 Qa5 13. a3 $1 Qxe5 14. Nb3 {[#]} Nac5 $146 ({Predecessor:} 14... Nc7 15. d4 {1-0 (46) Movsesian,S (2635)-Conquest,S (2585) Hastings 1996}) 15. Nxc5 Qxc5 16. d4 Qd5 17. Qxd5 cxd5 18. Bb5 a6 19. Bxd7+ Kxd7 $11 {[%mdl 4096] Endgame KRR-KRR} 20. Re1 Rac8 21. Re3 Rc4 22. f4 g6 23. b3 Rc6 24. Kb2 h5 25. g3 b5 26. Rdd3 Rhc8 27. Rc3 Rxc3 (27... Rg8 {with more complications.} 28. Rxc6 Kxc6 29. Rc3+ Kd6 30. h4 f6) 28. Rxc3 Rxc3 29. Kxc3 {KP-KP} a5 30. a4 b4+ 31. Kd3 f5 32. c3 {[%cal Bc2c3,Bc3c4,Bc4c5][%mdl 32]} Kc6 33. c4 Kd6 34. c5+ $1 Kd7 35. Ke3 Kc7 36. Kf3 Kd7 37. g4 ({Better is} 37. Ke2 $14) 37... h4 $1 38. g5 {Precision: White = 66%, Black = 71%.} 1/2-1/2